| 000 | 00531nam a2200205Ia 4500 | ||
|---|---|---|---|
| 001 | 15116 | ||
| 003 | GE_BSU | ||
| 008 | 181216s||||||||xx |||||||||||||| ||und|| | ||
| 040 | _cGE_BSU | ||
| 080 | _a519.6+512.643 | ||
| 100 | _aВоеводин,В,В, | ||
| 245 | _aМатрицы и вычисления | ||
| 245 | _cРед:Е.Е.Тыртышиников | ||
| 260 | _aМосква | ||
| 260 | _bНаука | ||
| 260 | _c1984 | ||
| 300 | _a318стр,22см | ||
| 653 | _aМатрицы и вычисления | ||
| 942 | _cBK | ||
| 999 |
_c48232 _d48232 |
||